Jak válčili Husité

Bibliographic Details
Main Author: Wagner, Eduard (Author)
Format: Book
Language:Undetermined
Published: Praha Naše vojsko 1946

MARC

LEADER 00000nam a2200000 a 4500
001 vtls001349930
003 SK-MaSNL
005 20260302000101.0
008 240318s1946 xx 0 und
035 |a SNK000303253 
040 |a SNK  |b slo  |c SNK  |e AACR2 
100 1 |a Wagner, Eduard  |4 aut  |9 296660 
245 1 0 |a Jak válčili Husité 
260 |a Praha  |b Naše vojsko  |c 1946 
999 |c 977939  |d 979869 
952 |t P60, <04>, [BOOK], {604}  |a SNK  |b SNK  |y VYP  |7 0  |p 17A0170360  |o snkID 3734/2  |0 0  |1 0  |4 0  |d 1998-12-01  |l 0  |r 2005-01-02 00:00:00  |w 2026-02-24